000 00639cam a22002413a 4500
001 29832
003 PGUSA
005 20140828083638.0
008 090828s2009||||xxu|||||s|||||000 1 eng d
040 _aPGUSA
_beng
042 _adc
050 4 _aPS
100 1 _aWells, Basil,
_d1912-2003
245 1 0 _aSecond Sight
_h[electronic resource] /
_cBasil Wells
260 _bProject Gutenberg,
_c2009
506 _aPublic domain in the USA.
516 _aElectronic text
653 _aShort stories
653 _aScience fiction
830 0 _aProject Gutenberg
_v29832
856 4 0 _uhttp://www.gutenberg.org/ebooks/29832
942 _cEB
999 _c259087
_d259087